5000 (Record no. 36049)

MARC details
000 -LEADER
campo de control de longitud fija 00597nam a2200205 i 4500
001 - NÚMERO DE CONTROL
campo de control 36049
003 - IDENTIFICADOR DE NÚMERO DE CONTROL
campo de control ES-MaACL
005 - FECHA Y HORA DE LA ÚLTIMA TRANSACCIÓN
campo de control 20230906155302.0
007 - CAMPO FIJO DE DESCRIPCIÓN FÍSICA--INFORMACIÓN GENERAL
campo de control de longitud fija t|
008 - DATOS DE LONGITUD FIJA--INFORMACIÓN GENERAL
campo de control de longitud fija 030217s1924 fr ||||1| fre d
100 1# - ENTRADA PRINCIPAL--NOMBRE DE PERSONA
Nombre de persona Braga, Domenique.
9 (RLIN) 31275
245 10 - MENCIÓN DEL TÍTULO
Título 5000
Resto del título : (récit sportif) /
Mención de responsabilidad, etc. Domenique Braga.
250 ## - MENCION DE EDICION
Mención de edición 5eme ed.
260 ## - PUBLICACIÓN, DISTRIBUCIÓN, ETC.
Lugar de publicación, distribución, etc. París :
Nombre del editor, distribuidor, etc. [s.n.,
Fecha de publicación, distribución, etc. 1924] (
Lugar de fabricación/manufactura Lagny-Sur Marne :
Fabricante E. Grevin)
300 ## - DESCRIPCIÓN FÍSICA
Extensión 188 p. ;
Dimensiones 19 cm.
490 1# - MENCIÓN DE SERIE
Mención de serie Les documents bleus ;
Designación de volumen o secuencia 12
830 0# - PUNTO DE ACCESO ADICIONAL DE SERIE-TÍTULO UNIFORME
Título uniforme Les documents bleus ;
Designación de volumen o secuencia 12
9 (RLIN) 229567
852 ## - LOCALIZACIÓN
Ubicación ES-MaACL
Número de control de estantería F-4925
Sublocalización o colección R.4540
Holdings
Estatus retirado Estado de pérdida Estado de daño No para préstamo Biblioteca de origen Biblioteca actual Ubicación en estantería Fecha de adquisición Fuente de adquisición Total de préstamos Signatura topográfica completa Código de barras Visto por última vez Precio de reemplazo Tipo de ítem Koha
        Biblioteca del Ateneo de Madrid Biblioteca del Ateneo de Madrid Depósito 2 17/01/2008     F-4925 1037808 23/02/2023 23/02/2023 Libro impreso